000 00275nam a22001337a 4500
008 170607b xxu||||| |||| 00| 0 eng d
020 _a0131539663
041 _aeng
080 _a94
100 _a18
101 _aSHH
245 _aCOMMUNISM
_cOZINGA,J.R
942 _2udc
_cBK
999 _c16324
_d16324